2018 SmartWay rail carrier partner tool : quick start guide, U.S. version 2.0.17 (data year 2017) /

Bibliographic Details
Corporate Author: United States. Environmental Protection Agency. Transportation and Climate Division (Author)
Format: Government Document eBook
Language:English
Published: [Washington, D.C.] : United States Environmental Protection Agency, [2018]
Edition:U.S. version 2.0.17.
Subjects:
Online Access:https://purl.fdlp.gov/GPO/gpo106991

MARC

Tag First Indicator Second Indicator Subfields
LEADER 00000cam a2200000 i 4500
001 in00004011925
005 20190122120825.0
006 m o d f
007 cr bn|||||||||
008 180326s2018 dcu o f000 0 eng c
035 |a (OCoLC)on1029557650 
040 |a ELC  |b eng  |e rda  |e pn  |c ELC  |d OCLCF  |d GPO  |d MvI  |d UtOrBLW 
042 |a pcc 
049 |a WWW 
074 |a 0484-E-03 (online) 
086 0 |a EP 6.58:R 13/4 
088 |a EPA-420-B-18-005 
110 1 |a United States.  |b Environmental Protection Agency.  |b Transportation and Climate Division,  |e author.  |0 http://id.loc.gov/authorities/names/no2007126474 
245 1 0 |a 2018 SmartWay rail carrier partner tool :  |b quick start guide, U.S. version 2.0.17 (data year 2017) /  |c Transportation and Climate Division, Office of Transportation and Air Quality, U.S. Environmental Protection Agency. 
246 3 0 |a Quick start guide, U.S. version 2.0.17 (data year 2017) 
250 |a U.S. version 2.0.17. 
264 1 |a [Washington, D.C.] :  |b United States Environmental Protection Agency,  |c [2018] 
300 |a 1 online resource (9 unnumbered pages) 
336 |a text  |b txt  |2 rdacontent 
337 |a computer  |b c  |2 rdamedia 
338 |a online resource  |b cr  |2 rdacarrier 
500 |a Title from PDF title screen (viewed on March 26, 2018). 
500 |a "EPA-420-B-18-005." 
500 |a "February 2018." 
500 |a Supersedes EPA 420-B-17-012. 
610 2 0 |a SmartWay Transport Partnership Program (U.S.)  |0 http://id.loc.gov/authorities/names/no2012107789 
610 2 7 |a SmartWay Transport Partnership Program (U.S.)  |2 fast  |0 (OCoLC)fst01916968 
650 0 |a Locomotives  |z United States  |x Fuel consumption  |x Analysis. 
650 0 |a Railroad trains  |z United States  |x Fuel consumption  |x Analysis. 
650 0 |a Railroad trains  |x Environmental aspects  |z United States. 
651 7 |a United States.  |2 fast  |0 (OCoLC)fst01204155 
710 1 |a United States.  |b Environmental Protection Agency.  |b Office of Transportation and Air Quality,  |e issuing body.  |0 http://id.loc.gov/authorities/names/no2003049302 
856 4 0 |u https://purl.fdlp.gov/GPO/gpo106991  |t 0 
999 f f |s f2a5c952-1e05-390b-a94e-8552003106c1  |i 73cd3904-057f-384e-b5d2-d1dd0309c823  |t 0 
952 f f |a Texas A&M University  |b College Station  |c Electronic Resources  |d Available Online  |t 0  |e EP 6.58:R 13/4  |h Superintendent of Documents classification 
998 f f |a EP 6.58:R 13/4  |t 0  |l Available Online